| 000 | 01336nam a2200349Ia 4500 | ||
|---|---|---|---|
| 001 | Para_9864 | ||
| 003 | CHAP | ||
| 008 | 220125s2010 xx 000 0 und d | ||
| 010 | _a208543 | ||
| 040 | _cCHAP | ||
| 090 | _aPA CD - TESIS 10 | ||
| 100 |
_aMagaña Valencia, Regino _969816 |
||
| 245 |
_aEvaluación de insecticidas granulados para controlar el complejo gallina ciega (Coleoptera; Melolonthidae) en Agave tequilana Weber var. Azul en el Arenal, Jalisco / _c Regino Magaña Valencia; Director González Hernández, Héctor...et. al. |
||
| 260 |
_aChapingo, Méx. : _b el autor |
||
| 300 | _a60 p. | ||
| 502 | _aTesis (Ing. Agr. Esp. en Parasitología Agrícola). UACh.Departamento Parasitología Agrícola | ||
| 650 |
_aAgave Tequilana _91107 |
||
| 650 |
_aColeoptera _9164551 |
||
| 650 |
_aInsecticidas _x análisis _958856 |
||
| 650 |
_aMelolonthidae _9174981 |
||
| 700 |
_aCastillo Márquez, Luis Emiliano _9174982 |
||
| 700 |
_aGonzález Hernández, Héctor, Director _9174983 |
||
| 700 |
_aSolís Aguilar, Juan Fernando, Asesor _9174965 |
||
| 710 |
_aUACh Departamento Parasitología Agrícola _9164542 |
||
| 901 | _aPA CD - TESIS 10 | ||
| 902 | _aM | ||
| 905 | _a5232202010 an 8000000300 06 | ||
| 910 | _a2010 | ||
| 942 | _cPARA | ||
| 942 |
_cPARA _d2 |
||
| 999 |
_c208543 _d208543 |
||